000 00682 a2200277 4500
260 _aParis
630 _a62 - Ingenierie. Art de lingenieur. Technologie en general
037 _b1, CIUF
650 _a6 - SCIENCES APPLIQUEES
100 _aToutain, Laurent
260 _bHermes Sciences
245 _aRéseaux locaux et internet des protocoles à l'interconnexion
300 _a733p
650 _aRéseau
650 _aInternet
260 _c1999
300 _b23 cm
100 _lFr
037 _aS 8490
440 _aRéseaux et télécommunications
250 _a2ème éd.
020 _a2-7472-0000-7
440 _x1272-091
999 _c41053
_d41053